[Event "TCh-HUN 2017-18"]
[Site "Hungary HUN"]
[Date "2018.01.28"]
[Round "5.1"]
[White "Balogh, Csaba"]
[Black "Stevic, Hrvoje"]
[Result "1/2-1/2"]
[BlackTitle "GM"]
[WhiteElo "1394"]
[BlackElo "2601"]
[WhiteTeam "Aquaprofit-NTSK I"]
[BlackTeam "Dunaharaszti MTK"]
[WhiteFideId "790877"]
[BlackFideId "14502569"]
[EventDate "2017.11.25"]
[EventType "team-tourn"]

1. e4 e5 2. Nf3 Nc6 3. Bb5 a6 4. Ba4 d6 5. O-O Bd7 6. c3 g6 7. d4 Bg7 8. Bg5
Nge7 9. dxe5 Nxe5 10. Nxe5 dxe5 11. Na3 h6 12. Bh4 Bxa4 13. Qxa4+ b5 14. Bxe7
Kxe7 15. Qb3 c6 16. Rad1 Qc7 17. Nc2 Rhd8 18. Rxd8 Kxd8 19. a4 Ke8 20. Ra1 Rd8
21. axb5 axb5 22. c4 bxc4 23. Qxc4 Bf8 24. Ne3 Be7 25. Ra6 Rc8 26. g3 Bg5 27.
Nc2 Be7 28. Nb4 Bxb4 29. Qxb4 h5 30. h4 c5 31. Qc4 Kf8 32. Qd5 Rd8 33. Ra8 Rxa8
34. Qxa8+ Ke7 1/2-1/2

[Event "TCh-HUN 2017-18"]
[Site "Hungary HUN"]
[Date "2018.01.28"]
[Round "5.2"]
[White "Gonda, Laszlo"]
[Black "Ivanisevic, Ivan"]
[Result "1-0"]
[WhiteTitle "GM"]
[BlackTitle "GM"]
[WhiteElo "2499"]
[BlackElo "2582"]
[WhiteTeam "Dunaharaszti MTK"]
[BlackTeam "Aquaprofit-NTSK I"]
[WhiteFideId "720852"]
[BlackFideId "912417"]
[EventDate "2017.11.25"]
[EventType "team-tourn"]

1. Nf3 d6 2. d4 g6 3. g3 Bg7 4. Bg2 Bd7 5. O-O Qc8 6. e4 Bh3 7. Re1 Nc6 8. d5
Ne5 9. Nxe5 Bxe5 10. Nd2 Bg7 11. Nf3 Nf6 12. a4 O-O 13. Ra3 Bxg2 14. Kxg2 e6 15.
a5 Re8 16. dxe6 Rxe6 17. e5 dxe5 18. Rxe5 Ne4 19. Rxe6 Qxe6 20. Rd3 Bf6 21. Rd7
Rc8 22. Rd3 h5 23. h4 a6 24. Ng5 Qc6 25. Nxe4 Qxe4+ 26. Qf3 Re8 27. b3 Kg7 28.
Qxe4 Rxe4 29. Be3 Re5 30. Bd2 Re6 31. Kf3 Be5 32. Rd7 Rd6 33. Rxd6 Bxd6 34. Ke4
Kf6 35. Bf4 Bxf4 36. Kxf4 b6 37. b4 bxa5 38. bxa5 Ke6 39. Kg5 c5 40. f3 c4 41.
c3 Ke5 42. g4 hxg4 43. fxg4 Ke6 44. h5 gxh5 45. gxh5 Ke7 46. Kf5 Ke8 47. Kf6 Kf8
48. h6 Kg8 49. h7+ Kxh7 50. Kxf7 Kh6 51. Ke6 Kg5 52. Kd5 1-0

[Event "TCh-HUN 2017-18"]
[Site "Hungary HUN"]
[Date "2018.01.28"]
[Round "5.3"]
[White "Lenic, Luka"]
[Black "Kovacevic, Blazimir"]
[Result "1-0"]
[WhiteTitle "GM"]
[BlackTitle "IM"]
[WhiteElo "2650"]
[BlackElo "2476"]
[WhiteTeam "Aquaprofit-NTSK I"]
[BlackTeam "Dunaharaszti MTK"]
[WhiteFideId "14603853"]
[BlackFideId "14502712"]
[EventDate "2017.11.25"]
[EventType "team-tourn"]

1. d4 e6 2. Nf3 Nf6 3. c4 Bb4+ 4. Nbd2 b6 5. a3 Bxd2+ 6. Qxd2 Bb7 7. e3 O-O 8.
Be2 a5 9. b3 d5 10. O-O Nbd7 11. Bb2 c5 12. Rfd1 Qe7 13. Rac1 Rfd8 14. Qc2 a4
15. bxa4 Bc6 16. a5 Rxa5 17. Re1 dxc4 18. Qxc4 Bd5 19. Qc2 Be4 20. Qb3 Bd5 21.
Qd1 Bxf3 22. gxf3 cxd4 23. Qxd4 Rg5+ 24. Kh1 Nc5 25. Qb4 Nd5 26. Qc4 Ra8 27. Rg1
Rg6 28. Rg3 Qb7 29. Qc2 Ne7 30. Bd4 Rxa3 31. Bxg7 Nf5 32. Rxg6 hxg6 33. Bb2 Rb3
34. Rd1 Qa8 35. Bf6 1-0

[Event "TCh-HUN 2017-18"]
[Site "Hungary HUN"]
[Date "2018.01.28"]
[Round "5.4"]
[White "Flumbort, Andras"]
[Black "Erdos, Viktor"]
[Result "1/2-1/2"]
[WhiteTitle "GM"]
[BlackTitle "GM"]
[WhiteElo "2435"]
[BlackElo "2622"]
[WhiteTeam "Dunaharaszti MTK"]
[BlackTeam "Aquaprofit-NTSK I"]
[WhiteFideId "717274"]
[BlackFideId "719978"]
[EventDate "2017.11.25"]
[EventType "team-tourn"]

1. d4 d5 2. c4 e6 3. Nf3 Nf6 4. Nc3 a6 5. cxd5 exd5 6. Bg5 Be6 7. e3 Nbd7 8. Bd3
Bd6 9. O-O c6 10. Bf4 Qc7 11. Bxd6 Qxd6 12. h3 h6 13. Qc2 O-O 14. a3 Rfe8 15.
Rfe1 Re7 16. b4 1/2-1/2

[Event "TCh-HUN 2017-18"]
[Site "Hungary HUN"]
[Date "2018.01.28"]
[Round "5.5"]
[White "Markus, Robert"]
[Black "Farago, Ivan"]
[Result "1-0"]
[WhiteTitle "GM"]
[BlackTitle "GM"]
[WhiteElo "2630"]
[BlackElo "2385"]
[WhiteTeam "Aquaprofit-NTSK I"]
[BlackTeam "Dunaharaszti MTK"]
[WhiteFideId "921637"]
[BlackFideId "700134"]
[EventDate "2017.11.25"]
[EventType "team-tourn"]

1. d4 Nf6 2. c4 e6 3. Nf3 b6 4. g3 Ba6 5. b3 d5 6. Bg2 Bb4+ 7. Bd2 Bd6 8. cxd5
exd5 9. O-O O-O 10. Nc3 Re8 11. Re1 Nbd7 12. Qc2 Rc8 13. Bh3 h6 14. Rad1 c6 15.
Nh4 Bf8 16. Nf5 c5 17. Qb2 Kh7 18. Bf4 cxd4 19. Rxd4 Bc5 20. Ra4 Bd3 21. Rd1 b5
22. Ra6 b4 23. Rxd3 bxc3 24. Qc2 Kg8 25. Nd6 Bxd6 26. Rxd6 Qe7 27. Re3 Qd8 28.
Bxd7 Nxd7 29. Rxd5 Rxe3 30. Bxe3 Qc7 31. Qf5 Rd8 32. Qd3 c2 33. Bc1 1-0

[Event "TCh-HUN 2017-18"]
[Site "Hungary HUN"]
[Date "2018.01.28"]
[Round "5.6"]
[White "Popovics, Adam"]
[Black "Medvegy, Zoltan"]
[Result "1/2-1/2"]
[WhiteTitle "IM"]
[BlackTitle "GM"]
[WhiteElo "2378"]
[BlackElo "2539"]
[WhiteTeam "Dunaharaszti MTK"]
[BlackTeam "Aquaprofit-NTSK I"]
[WhiteFideId "721506"]
[BlackFideId "708402"]
[EventDate "2017.11.25"]
[EventType "team-tourn"]

1. d4 Nf6 2. c4 e6 3. Nf3 b6 4. e3 Bb4+ 5. Nbd2 Bb7 6. Bd3 c5 7. a3 Bxd2+ 8.
Bxd2 d6 9. Bc3 Nbd7 10. O-O O-O 11. dxc5 Nxc5 12. Be2 Nfe4 13. Rc1 Nxc3 14. Rxc3
Qf6 15. Nd2 Rfd8 16. Qc2 Qg6 17. Qxg6 hxg6 18. Bf3 Kf8 19. Rfc1 Bxf3 20. Nxf3 e5
21. Kf1 Ne4 22. R3c2 g5 23. Nd2 Nxd2+ 24. Rxd2 g4 25. Ke2 Ke7 26. Rcd1 Rac8 27.
b3 Rc6 28. f4 gxf3+ 29. Kxf3 Rh8 30. g3 Rh6 31. a4 a5 32. e4 Ke6 33. Kg4 Rg6+
34. Kf3 Rf6+ 35. Ke3 Rg6 36. Kf3 Rf6+ 37. Ke3 1/2-1/2

[Event "TCh-HUN 2017-18"]
[Site "Hungary HUN"]
[Date "2018.01.28"]
[Round "5.7"]
[White "Ribli, Zoltan"]
[Black "Tompa, Janos"]
[Result "1-0"]
[WhiteTitle "GM"]
[BlackTitle "IM"]
[WhiteElo "2526"]
[BlackElo "2371"]
[WhiteTeam "Aquaprofit-NTSK I"]
[BlackTeam "Dunaharaszti MTK"]
[WhiteFideId "700010"]
[BlackFideId "700193"]
[EventDate "2017.11.25"]
[EventType "team-tourn"]

1. Nf3 e6 2. g3 b6 3. Bg2 Bb7 4. c4 Nf6 5. Nc3 Be7 6. O-O O-O 7. d4 Na6 8. d5
Nc5 9. Nd4 a5 10. e4 e5 11. Nf5 Ne8 12. f4 Bf6 13. Be3 d6 14. Qd2 Bc8 15. Rae1
Kh8 16. Kh1 g6 17. Nh6 Qe7 18. f5 Bg7 19. Re2 f6 20. h4 Bxh6 21. Bxh6 Rg8 22.
Kh2 gxf5 23. exf5 a4 24. Re3 Bd7 25. Qe2 Rb8 26. g4 Ng7 27. Bh3 Qe8 28. g5 b5
29. cxb5 e4 30. Kh1 Qe5 31. Qh2 Qxh2+ 32. Kxh2 Ne8 33. Rg1 Bxb5 34. Nxe4 Nxe4
35. Rxe4 Bd3 36. Rxa4 Rxb2+ 37. Rg2 Rxg2+ 38. Kxg2 Ng7 39. Bxg7+ Rxg7 40. Ra8+
Rg8 41. Rxg8+ Kxg8 42. a4 Be4+ 43. Kf2 Bxd5 44. Bg2 Bc4 45. Bb7 1-0

[Event "TCh-HUN 2017-18"]
[Site "Hungary HUN"]
[Date "2018.01.28"]
[Round "5.8"]
[White "Balint, Vilmos"]
[Black "Kantor, Gergely"]
[Result "0-1"]
[BlackTitle "IM"]
[WhiteElo "2251"]
[BlackElo "2514"]
[WhiteTeam "Dunaharaszti MTK"]
[BlackTeam "Aquaprofit-NTSK I"]
[WhiteFideId "718050"]
[BlackFideId "751499"]
[EventDate "2017.11.25"]
[EventType "team-tourn"]

1. e4 e5 2. Nf3 Nc6 3. Nc3 Nf6 4. d4 exd4 5. Nxd4 Bb4 6. Nxc6 bxc6 7. Bd3 O-O 8.
O-O d5 9. exd5 cxd5 10. Bg5 c6 11. Qf3 Rb8 12. h3 Bd6 13. Rab1 h6 14. Bxf6 Qxf6
15. Qxf6 gxf6 16. Ne2 c5 17. Ng3 c4 18. Be2 Be6 19. Nh5 Be5 20. b3 Rfc8 21. f4
Bd4+ 22. Kh1 f5 23. Rbd1 Bh8 24. g4 cxb3 25. axb3 fxg4 26. f5 Bd7 27. Bd3 gxh3
28. f6 Rb4 29. Rg1+ Kf8 30. Bh7 Rg4 31. Kh2 Re8 32. Rxg4 Bxg4 33. Rxd5 Re2+ 34.
Kg3 Rg2+ 35. Kf4 Bxf6 36. Nxf6 h2 37. Be4 h1=Q 38. Bxg2 Qxg2 0-1

[Event "TCh-HUN 2017-18"]
[Site "Hungary HUN"]
[Date "2018.01.28"]
[Round "5.9"]
[White "Aczel, Gergely"]
[Black "Lorand, Norbert"]
[Result "1-0"]
[WhiteTitle "IM"]
[BlackTitle "FM"]
[WhiteElo "2573"]
[BlackElo "2289"]
[WhiteTeam "Aquaprofit-NTSK I"]
[BlackTeam "Dunaharaszti MTK"]
[WhiteFideId "727709"]
[BlackFideId "734616"]
[EventDate "2017.11.25"]
[EventType "team-tourn"]

1. d4 d5 2. c4 dxc4 3. e3 Nf6 4. Bxc4 e6 5. Nf3 c5 6. O-O a6 7. dxc5 Qxd1 8.
Rxd1 Bxc5 9. Be2 b6 10. Ne5 Bb7 11. Nd3 Be7 12. f3 Nbd7 13. e4 Nc5 14. Ne5 Rd8
15. Rxd8+ Bxd8 16. Be3 Bc7 17. Nc4 Nfd7 18. a4 e5 19. Nc3 Ke7 20. Nd5+ Bxd5 21.
exd5 a5 22. Rd1 Nb7 23. Rc1 Nbc5 24. Kf1 Ra8 25. Na3 Bd6 26. Bb5 Nb3 27. Rc6 Nd4
28. Bxd4 exd4 29. Nc4 Bxh2 30. Kf2 Be5 31. d6+ Kf6 32. Rc7 Nc5 33. Nxb6 Rb8 34.
Rxc5 1-0

[Event "TCh-HUN 2017-18"]
[Site "Hungary HUN"]
[Date "2018.01.28"]
[Round "5.10"]
[White "Vegh, Endre"]
[Black "Galyas, Miklos"]
[Result "0-1"]
[WhiteTitle "IM"]
[BlackTitle "IM"]
[WhiteElo "2261"]
[BlackElo "2480"]
[WhiteTeam "Dunaharaszti MTK"]
[BlackTeam "Aquaprofit-NTSK I"]
[WhiteFideId "700568"]
[BlackFideId "707244"]
[EventDate "2017.11.25"]
[EventType "team-tourn"]

1. d4 d6 2. e4 Nf6 3. Nc3 g6 4. f4 Bg7 5. Nf3 O-O 6. e5 dxe5 7. fxe5 Nd5 8. Bc4
Be6 9. Nxd5 Bxd5 10. Bxd5 Qxd5 11. Qe2 b5 12. O-O Nc6 13. c3 f6 14. e6 g5 15. h3
Rab8 16. Re1 Rb6 17. a4 a6 18. a5 Rbb8 19. Nh2 h6 20. Ng4 Nd8 21. h4 f5 22.
Nxh6+ Bxh6 23. hxg5 Bg7 24. Bf4 b4 25. Qh5 Nxe6 26. g6 Qxg2+ 27. Kxg2 Nxf4+ 28.
Kf3 Nxh5 29. Rxe7 bxc3 30. bxc3 Nf6 31. Rxc7 Rfc8 0-1

[Event "TCh-HUN 2017-18"]
[Site "Hungary HUN"]
[Date "2018.01.28"]
[Round "5.11"]
[White "Orso, Miklos"]
[Black "Erdos, Boglarka"]
[Result "1/2-1/2"]
[WhiteTitle "IM"]
[WhiteElo "2290"]
[BlackElo "2117"]
[WhiteTeam "Aquaprofit-NTSK I"]
[BlackTeam "Dunaharaszti MTK"]
[WhiteFideId "700290"]
[BlackFideId "727458"]
[EventDate "2017.11.25"]
[EventType "team-tourn"]

1. Nf3 d5 2. c4 c6 3. d4 Nf6 4. Nc3 e6 5. Bg5 h6 6. Bh4 dxc4 7. e4 g5 8. Bg3 b5
9. Be2 Bb7 10. O-O Nbd7 11. d5 Qb6 12. dxe6 fxe6 13. Nd4 e5 14. Bh5+ Ke7 15.
Nf5+ Ke6 16. Ne3 Qc5 17. Bg4+ Ke7 18. Qf3 Kd8 19. Rfd1 Kc7 20. Bxd7 Nxd7 21.
Rxd7+ Kxd7 22. Qf5+ Kc7 23. Bxe5+ Bd6 24. Bxd6+ Qxd6 25. Ned5+ Kb8 26. Ne3 1/2-1/2

[Event "TCh-HUN 2017-18"]
[Site "Hungary HUN"]
[Date "2018.01.28"]
[Round "5.12"]
[White "Kokeny, Norbert Adrian"]
[Black "Miseta, Nora"]
[Result "1-0"]
[WhiteElo "2200"]
[BlackElo "1726"]
[WhiteTeam "Dunaharaszti MTK"]
[BlackTeam "Aquaprofit-NTSK I"]
[WhiteFideId "759740"]
[BlackFideId "758710"]
[EventDate "2017.11.25"]
[EventType "team-tourn"]

1. c4 e5 2. e3 Nf6 3. a3 Nc6 4. b4 a6 5. Bb2 d5 6. cxd5 Nxd5 7. Qc2 Bd6 8. Nf3
Qe7 9. d3 O-O 10. Nbd2 Re8 11. Be2 Bd7 12. Nc4 Rac8 13. O-O b5 14. Ncd2 Nd8 15.
Nb3 Nb7 16. d4 exd4 17. Nfxd4 c5 18. Nf5 Bxf5 19. Qxf5 Be5 20. Bxe5 Qxe5 21.
Qxe5 Rxe5 22. bxc5 Nxc5 23. Rac1 Nb6 24. Rfd1 Nba4 25. Bg4 Rb8 26. Na5 Ree8 27.
Nc6 Rb6 28. Nb4 g6 29. Nd5 Rd6 30. Ne7+ Rxe7 31. Rxd6 a5 32. Rd5 Rc7 33. Bd1 Rb7
34. Rdxc5 Nxc5 35. Rxc5 b4 36. axb4 axb4 37. Bb3 Ra7 38. g3 1-0

[Event "TCh-HUN 2017-18"]
[Site "Hungary HUN"]
[Date "2018.01.28"]
[Round "5.1"]
[White "Vovk, Andriy"]
[Black "Pinter, Jozsef"]
[Result "1-0"]
[WhiteTitle "GM"]
[BlackTitle "GM"]
[WhiteElo "2635"]
[BlackElo "2539"]
[WhiteTeam "Aquarena Kobanya SC"]
[BlackTeam "HUSI SC"]
[WhiteFideId "14114470"]
[BlackFideId "700045"]
[EventDate "2017.11.25"]
[EventType "team-tourn"]

1. e4 e5 2. Nf3 Nc6 3. d4 exd4 4. Nxd4 Nf6 5. Nxc6 bxc6 6. e5 Qe7 7. Qe2 Nd5 8.
c4 Nb6 9. Nc3 Qe6 10. f4 Be7 11. g4 d6 12. Bg2 O-O 13. b3 Qxg4 14. Bxc6 Qh4+ 15.
Qf2 Rb8 16. exd6 cxd6 17. Be3 Qh5 18. O-O Bf5 19. Bd4 Rfc8 20. Qg3 Qh6 21. Bg2
Bh4 22. Qf3 Re8 23. Bf2 Re6 24. Rae1 Bxf2+ 25. Qxf2 Qf6 26. Nb5 a5 27. Nc7 Rxe1
28. Rxe1 d5 29. c5 1-0

[Event "TCh-HUN 2017-18"]
[Site "Hungary HUN"]
[Date "2018.01.28"]
[Round "5.2"]
[White "Havasi, Gergo"]
[Black "Vovk, Yuri"]
[Result "0-1"]
[WhiteTitle "IM"]
[BlackTitle "GM"]
[WhiteElo "2377"]
[BlackElo "2610"]
[WhiteTeam "HUSI SC"]
[BlackTeam "Aquarena Kobanya SC"]
[WhiteFideId "760293"]
[BlackFideId "14113171"]
[EventDate "2017.11.25"]
[EventType "team-tourn"]

1. e4 c5 2. Nf3 e6 3. d4 cxd4 4. Nxd4 Nc6 5. Nc3 Qc7 6. Be3 a6 7. Qd2 Nf6 8. f4
b5 9. e5 b4 10. Ncb5 axb5 11. Nxb5 Qb8 12. exf6 gxf6 13. c4 bxc3 14. bxc3 Be7
15. Bd3 Ba6 16. Rb1 Nb4 17. a4 Nxd3+ 18. Qxd3 Qb7 19. O-O Qc6 20. Rf3 Bb7 21.
Rg3 h5 22. h4 Rxa4 23. Na7 Qc7 24. Qb5 Be4 25. Rb2 Ra1+ 26. Kh2 Bd6 27. Qe2 Bxf4
28. Bxf4 Qxf4 29. Nb5 Qxh4+ 30. Rh3 Qf4+ 0-1

[Event "TCh-HUN 2017-18"]
[Site "Hungary HUN"]
[Date "2018.01.28"]
[Round "5.3"]
[White "Indjic, Aleksandar"]
[Black "Lajthajm, Borko"]
[Result "1/2-1/2"]
[WhiteTitle "GM"]
[BlackTitle "GM"]
[WhiteElo "2605"]
[BlackElo "2465"]
[WhiteTeam "Aquarena Kobanya SC"]
[BlackTeam "HUSI SC"]
[WhiteFideId "911925"]
[BlackFideId "916358"]
[EventDate "2017.11.25"]
[EventType "team-tourn"]

1. c4 Nf6 2. Nc3 c5 3. Nf3 d5 4. cxd5 Nxd5 5. e4 Nc7 6. d4 cxd4 7. Qxd4 Qxd4 8.
Nxd4 e5 9. Ndb5 Nba6 10. Be3 b6 11. O-O-O Be7 12. Nd6+ Bxd6 13. Rxd6 Ke7 14. Rd2
Be6 15. Be2 Rhd8 16. Rhd1 Rxd2 17. Rxd2 Rd8 18. b3 Nb4 19. f4 exf4 20. Bxf4 Rd7
21. g4 h6 22. h4 Nc6 23. Kd1 Nd4 24. g5 hxg5 25. hxg5 Nxe2 26. Kxe2 Rxd2+ 27.
Kxd2 Kd7 28. Be5 Ne8 29. Ke3 Kc6 30. Ne2 Bd7 31. Nf4 g6 32. Kd4 Bg4 33. Nd5 a5
34. Kd3 Be6 35. Kc4 Bh3 36. a3 Bg2 37. Kd4 Bh3 38. Nc3 Be6 39. b4 axb4 40. axb4
b5 41. Nd5 Bh3 42. Nf4 Bf1 43. Nd5 Bc4 44. Nf4 Ba2 45. Nd3 Bb3 46. Nc5 Ba2 47.
Nd3 Bb3 48. Ne1 Bd1 49. Ke3 Kd7 50. Nd3 Ke6 51. Nc1 Kd7 52. Kd2 Bg4 53. Nb3 Ke7
54. Nd4 Bd7 55. Ke3 f6 56. gxf6+ Nxf6 57. Kf4 1/2-1/2

[Event "TCh-HUN 2017-18"]
[Site "Hungary HUN"]
[Date "2018.01.28"]
[Round "5.4"]
[White "Borocz, Istvan1"]
[Black "Roganovic, Milos"]
[Result "0-1"]
[WhiteTitle "IM"]
[BlackTitle "GM"]
[WhiteElo "2362"]
[BlackElo "2512"]
[WhiteTeam "HUSI SC"]
[BlackTeam "Aquarena Kobanya SC"]
[WhiteFideId "703036"]
[BlackFideId "937614"]
[EventDate "2017.11.25"]
[EventType "team-tourn"]

1. c4 Nf6 2. g3 e5 3. Bg2 c6 4. Nc3 d5 5. cxd5 cxd5 6. Qb3 Nc6 7. Nf3 d4 8. Ng5
Qe7 9. Nb5 a6 10. Na3 h6 11. Ne4 Nxe4 12. Bxe4 Be6 13. Qf3 Qd7 14. d3 Bb4+ 15.
Bd2 Bxd2+ 16. Kxd2 O-O 17. Rhc1 Ne7 18. g4 Bxg4 19. Qg2 f5 20. Bxb7 Rab8 21.
Bxa6 Kh8 22. Bc4 Ng6 23. f3 Nf4 24. Qg3 Rxb2+ 25. Rc2 Qb7 26. fxg4 Qb4+ 27. Kd1
Qxa3 28. Rac1 fxg4 29. Rxb2 Qxb2 30. Rc2 Qb1+ 31. Kd2 Qb4+ 32. Kc1 Nxe2+ 0-1

[Event "TCh-HUN 2017-18"]
[Site "Hungary HUN"]
[Date "2018.01.28"]
[Round "5.5"]
[White "Nagy, Gabor1"]
[Black "Dory, Jeno"]
[Result "1-0"]
[WhiteTitle "IM"]
[BlackTitle "IM"]
[WhiteElo "2472"]
[BlackElo "2228"]
[WhiteTeam "Aquarena Kobanya SC"]
[BlackTeam "HUSI SC"]
[WhiteFideId "737119"]
[BlackFideId "700860"]
[EventDate "2017.11.25"]
[EventType "team-tourn"]

1. e4 c5 2. Nf3 Nc6 3. Nc3 g6 4. Bb5 Bg7 5. O-O e5 6. a3 Nge7 7. b4 d6 8. bxc5
dxc5 9. Bc4 h6 10. d3 O-O 11. Be3 Nd4 12. Nd2 Be6 13. a4 Qd7 14. Qb1 Rab8 15.
Qa2 Nec6 16. Bxe6 fxe6 17. Qb1 b6 18. Qd1 Kh7 19. Na2 Na5 20. Nc1 Rbd8 21. c3
Ndc6 22. Qg4 Ne7 23. Qh3 Ng8 24. Rd1 Qe7 25. Nf3 Bf6 26. Ne2 Rd7 27. d4 cxd4 28.
cxd4 Rfd8 29. Bc1 Nb3 30. Ba3 Qf7 31. Nxe5 Bxe5 32. Qxb3 Bxd4 33. Rxd4 Rxd4 34.
Nxd4 Rxd4 35. f3 Qd7 36. Bb2 Rd3 37. Qc2 Ne7 38. Rc1 g5 39. h3 Ng6 40. Kh2 Qd6+
41. Kh1 Nf4 42. Qc7+ Qxc7 43. Rxc7+ Kg6 44. Be5 Rd2 45. Bxf4 gxf4 46. Rxa7 Ra2
47. Rb7 Kf6 48. Kh2 h5 49. h4 Ra3 50. Kh3 Ra1 51. g4 Rh1+ 52. Kg2 Rxh4 53. g5+
Kxg5 54. Rxb6 1-0

[Event "TCh-HUN 2017-18"]
[Site "Hungary HUN"]
[Date "2018.01.28"]
[Round "5.6"]
[White "Kosanovic, Goran A"]
[Black "Izsak, Gyula"]
[Result "1/2-1/2"]
[WhiteTitle "GM"]
[BlackTitle "IM"]
[WhiteElo "2368"]
[BlackElo "2437"]
[WhiteTeam "HUSI SC"]
[BlackTeam "Aquarena Kobanya SC"]
[WhiteFideId "901466"]
[BlackFideId "702234"]
[EventDate "2017.11.25"]
[EventType "team-tourn"]

1. d4 d5 2. Nf3 Nf6 3. e3 e6 4. Bd3 c5 5. O-O Nbd7 6. b3 Be7 7. Nbd2 O-O 8. Bb2
b6 9. Ne5 Bb7 10. f4 Ne4 11. Nxe4 dxe4 12. Nxd7 Qxd7 13. Be2 Rfd8 14. c3 cxd4
15. cxd4 Rac8 16. a4 Bd5 17. Bb5 Qb7 18. Qe2 Rc7 19. Ba6 Qa8 20. Qd1 Bb4 21. Rf2
Qb8 22. f5 exf5 23. Rxf5 Bf8 24. Rc1 Rxc1 25. Bxc1 g6 26. Rf2 Bd6 27. g3 Qc7 28.
Bd2 Be6 29. Be1 h5 30. Qb1 Bd5 31. Kg2 Qd7 32. Qc2 h4 33. gxh4 Qg4+ 34. Kh1 Qxh4
35. Qe2 Qh3 36. Bc4 Qe6 37. Qf1 Be7 38. Rc2 Kg7 39. Bg3 Bd6 40. Qf2 Bxg3 41.
Qxg3 Rh8 42. Bxd5 Qxd5 43. Qe5+ Qxe5 44. dxe5 1/2-1/2

[Event "TCh-HUN 2017-18"]
[Site "Hungary HUN"]
[Date "2018.01.28"]
[Round "5.7"]
[White "Szabo, Bence"]
[Black "Zila, Laszlo"]
[Result "1/2-1/2"]
[WhiteTitle "IM"]
[WhiteElo "2369"]
[BlackElo "2236"]
[WhiteTeam "Aquarena Kobanya SC"]
[BlackTeam "HUSI SC"]
[WhiteFideId "733776"]
[BlackFideId "702455"]
[EventDate "2017.11.25"]
[EventType "team-tourn"]

1. Nf3 Nf6 2. c4 g6 3. g3 Bg7 4. Bg2 O-O 5. O-O d6 6. Nc3 Nc6 7. d3 e5 8. Rb1 a5
9. a3 h6 10. b4 axb4 11. axb4 Be6 12. Nd2 Qd7 13. Re1 Bh3 14. Bh1 Ng4 15. Nd5 f5
16. e3 g5 17. f4 exf4 18. gxf4 Nf6 19. b5 Nd8 20. Bb2 Bg4 21. Qb3 Nxd5 22. Bxd5+
Kh7 23. fxg5 hxg5 24. Nf1 Bh5 25. Bxg7 Qxg7 26. Rb2 c6 27. bxc6 bxc6 28. Bg2 Ra7
29. Rf2 f4 30. Be4+ Kh6 31. Qb2 Qd7 32. Qd2 d5 33. cxd5 cxd5 34. Bh1 f3 35. Ng3
Bg4 36. Ref1 Bh3 37. Rb1 Qe6 38. Rxf3 Rxf3 39. Bxf3 Nf7 40. Re1 Ne5 41. Bh1 Ra3
42. d4 Nc4 43. Qd1 Rxe3 44. Qh5+ Kg7 45. Qxg5+ Kh7 46. Rxe3 Qxe3+ 47. Qxe3 Nxe3
48. Ne2 Be6 49. Kf2 Nc2 50. Kg3 Kg7 51. Kf4 Kf6 52. h4 Bf7 53. Bf3 Ne1 54. Ke3
Nxf3 55. Kxf3 Bh5+ 56. Ke3 Bg6 57. Kf4 Bf7 58. Nc3 Bg8 59. Nd1 Bh7 60. Ne3 Be4
61. Ng4+ Kg6 62. Ke5 Bf3 63. Nf6 Bh1 64. Ke6 Kh6 65. Kf5 Bf3 66. Ke5 Bh1 67.
Nxd5 Kh5 68. Nf6+ Kxh4 69. Ne4 Bg2 70. d5 Bh3 71. d6 Bc8 72. Kf6 Kg4 73. Nc5 Kf4
74. Ke7 Ke5 75. Nd7+ Kd4 76. Kd8 Ba6 77. Kc7 Bf1 78. Ne5 Bh3 79. Nf7 Kd5 80. Kd8
Be6 81. Ke7 Bc8 82. Nh8 Kc6 83. Ng6 Bf5 84. Nf4 Bc8 85. Ne2 Kd5 86. Nc3+ Ke5 87.
Na4 Bh3 88. Nc5 Kd5 89. Na6 Ke5 90. Nc7 Bg4 91. Ne8 Bh3 92. Kd8 Bf5 93. Kc7 Bh3
94. Ng7 Bg4 95. Nh5 Bh3 96. d7 Bxd7 97. Kxd7 1/2-1/2

[Event "TCh-HUN 2017-18"]
[Site "Hungary HUN"]
[Date "2018.01.28"]
[Round "5.8"]
[White "Fendrik, Lajos"]
[Black "Toth, Ervin"]
[Result "0-1"]
[BlackTitle "IM"]
[WhiteElo "2202"]
[BlackElo "2449"]
[WhiteTeam "HUSI SC"]
[BlackTeam "Aquarena Kobanya SC"]
[WhiteFideId "735701"]
[BlackFideId "726559"]
[EventDate "2017.11.25"]
[EventType "team-tourn"]

1. d4 g6 2. e4 Bg7 3. c4 d6 4. Nc3 Nf6 5. Nf3 O-O 6. Be2 e5 7. d5 a5 8. Bg5 Na6
9. Nd2 h6 10. Bh4 Nc5 11. b3 Qd7 12. O-O Nh7 13. f3 h5 14. Bf2 Bh6 15. Rb1 Qe7
16. Re1 f5 17. Bf1 f4 18. a3 g5 19. b4 axb4 20. axb4 Na6 21. Be2 Kh8 22. Kh1 Rg8
23. h3 Nf6 24. Kg1 Qg7 25. Bf1 Qg6 26. c5 g4 27. hxg4 hxg4 28. Bh4 Nh7 29. cxd6
cxd6 30. Be2 g3 31. Nf1 Bf8 32. Ra1 Qh5 33. Bxg3 fxg3 34. b5 Nc7 35. Rxa8 Nxa8
36. Qa4 Nb6 37. Qa5 Nd7 38. f4 Qh4 39. Qc7 Be7 40. Ra1 Bd8 0-1

[Event "TCh-HUN 2017-18"]
[Site "Hungary HUN"]
[Date "2018.01.28"]
[Round "5.9"]
[White "Krizsany, Laszlo"]
[Black "Biro, David"]
[Result "0-1"]
[WhiteTitle "IM"]
[WhiteElo "2424"]
[BlackElo "2222"]
[WhiteTeam "Aquarena Kobanya SC"]
[BlackTeam "HUSI SC"]
[WhiteFideId "701718"]
[BlackFideId "717355"]
[EventDate "2017.11.25"]
[EventType "team-tourn"]

1. d4 g6 2. c4 Bg7 3. e4 d6 4. Nc3 c6 5. Be3 Qa5 6. Qd2 Nf6 7. f3 O-O 8. Bd3 e5
9. d5 cxd5 10. cxd5 a6 11. Nge2 Nbd7 12. O-O Nh5 13. a3 f5 14. exf5 gxf5 15. f4
exf4 16. Nxf4 Nxf4 17. Rxf4 Ne5 18. Raf1 Re8 19. Bd4 Bh6 20. Bxe5 Qb6+ 21. Bd4
Qxd4+ 22. Rxd4 Bxd2 23. Rc4 Re5 24. g4 Be3+ 25. Kg2 f4 26. Kf3 h5 27. Bf5 hxg4+
28. Bxg4 Bxg4+ 29. Kxg4 Rae8 30. Kf3 R8e7 31. Re1 Rh5 32. Re2 Rg7 33. Rc8+ Kh7
34. Rf8 Rh3+ 35. Ke4 Re7+ 36. Kf5 f3 37. Re1 f2 38. Rf1 Rf3+ 0-1